| 000 | 00340 a2200145 4500 | ||
|---|---|---|---|
| 003 | Nust | ||
| 005 | 20170207153535.0 | ||
| 040 | _cNust | ||
| 082 | _a891.4391 | ||
| 100 | _aTarar, Mustansar Hussain | ||
| 245 |
_aSiyah Ankh Main Tasweer _c Mustansar Hussain Tarar |
||
| 260 |
_aLahore _bSange-e-meel |
||
| 300 | _a222 | ||
| 650 | _aUrdu Literature | ||
| 942 |
_2ddc _cBK |
||
| 999 |
_c188190 _d188190 |
||